Prvá čítanka pre slovenské evanjelické a. v. školy

Bibliographic Details
Format: Book
Language:Slovak
PhysicalDescription:224 s.
Published: Budapešť Viktor Horňánsky 1877
Edition:3. vyd.
Subjects:

MARC

LEADER 00000cam a2200000 a 4500
001 vtls000306455
003 SK-MaSNL
005 20260228235819.0
008 210928s1877 hu br 00000 slo
015 |a SNBRB19rr/mm-uuuuu 
035 |a CL0316574 
040 |a SNK  |b slo  |c SNK  |e AACR2 
041 0 |a slo 
044 |a hu  |c HU 
245 0 0 |a Prvá čítanka pre slovenské evanjelické a. v. školy 
250 |a 3. vyd. 
260 |a Budapešť  |b Viktor Horňánsky  |c 1877 
300 |a 224 s. 
610 2 7 |a Evanjelická cirkev a.v.  |2 SNKKA  |9 32425 
650 0 7 |a evanjelické školy  |2 SNKPH  |9 266613 
655 7 |a čítanky  |2 SNKPH  |9 60817 
958 |a ONDV 
999 |c 531442  |d 533372 
952 |a SNK  |b SNK  |y PREZ  |7 0  |p 17A0515368  |o snkSD 14181  |i snkKSK 2046/57  |8 3  |3 rekatalogizácia  |0 0  |1 0  |4 0  |d 2006-06-22  |l 0  |r 2025-11-27 00:00:00  |w 2026-02-23